000 00728nam a22002057a 4500
999 _c20068
_d20068
003 AR-CdUCM
008 190525b ||||| |||| 00| 0 spa d
040 _aMUNICIPALIDAD PROVINCIAL DEL CUSCO
_cBIBLIOTECA MUNICIPAL DEL CUSCO
082 _a305.896 /
_bB95
100 _aBush, Catherine
_941986
245 _aMohandas Gandhi :
_blos grandes lideres del siglo XX /
260 _aArgentina :
_bHispanoamericana,
_c1991.
300 _a95 páginas ;
_c25 cm.
440 _aTiempo cultural
_941987
505 _aContenido : Sobre liderazgo -- La India de Gandhi -- Los comienzos -- Estudio en Londres...
650 _aHistoria de la India
_912289
650 _aPrimera guerra mundial
_94007
942 _2ddc
_cLIBROS
945 _arcc